000
00335nam a2200121 a 4500
005
20140414132054.0
008
110714s19uu xx 00 eng d
050
_a
FIL
_b
P26 2008
100
_a
Pastor, S.A.
245
_a
The young goat, the nanny goat and the wolf.
260
_a
Manila Philippines :
_b
Lampara,
_c
2008.
999
_c
114251
_d
114251